<?xml version="1.0" encoding="UTF-8"?>
<record
    xmlns:xsi="http://www.w3.org/2001/XMLSchema-instance"
    xsi:schemaLocation="http://www.loc.gov/MARC21/slim http://www.loc.gov/standards/marcxml/schema/MARC21slim.xsd"
    xmlns="http://www.loc.gov/MARC21/slim">

  <leader>01431nam a2200397 a 4500</leader>
  <controlfield tag="001">22954</controlfield>
  <controlfield tag="003">SK-KTurca</controlfield>
  <controlfield tag="005">20260513074758.0</controlfield>
  <controlfield tag="008">251113s2000    xo a    r        0  slo  </controlfield>
  <datafield tag="015" ind1=" " ind2=" ">
    <subfield code="a">SNBA2001/08-02702</subfield>
  </datafield>
  <datafield tag="020" ind1=" " ind2=" ">
    <subfield code="a">8088963486</subfield>
  </datafield>
  <datafield tag="035" ind1=" " ind2=" ">
    <subfield code="a">SNK000364836</subfield>
  </datafield>
  <datafield tag="040" ind1=" " ind2=" ">
    <subfield code="a">SNK</subfield>
    <subfield code="b">slo</subfield>
    <subfield code="c">SNK</subfield>
    <subfield code="e">AACR2</subfield>
  </datafield>
  <datafield tag="041" ind1="0" ind2=" ">
    <subfield code="a">slo</subfield>
  </datafield>
  <datafield tag="044" ind1=" " ind2=" ">
    <subfield code="a">xo</subfield>
    <subfield code="c">SK</subfield>
  </datafield>
  <datafield tag="080" ind1=" " ind2=" ">
    <subfield code="a">635.92(084.12)</subfield>
    <subfield code="2">1981</subfield>
  </datafield>
  <datafield tag="100" ind1="1" ind2=" ">
    <subfield code="a">Weimar, Martin</subfield>
    <subfield code="4">aut</subfield>
  </datafield>
  <datafield tag="240" ind1="1" ind2="0">
    <subfield code="a">Balkonblumen in T&#xF6;pfen, K&#xE4;sten und Ampeln</subfield>
    <subfield code="l">Slovensky</subfield>
  </datafield>
  <datafield tag="245" ind1="1" ind2="0">
    <subfield code="a">Balk&#xF3;nov&#xE9; kvety v kvetin&#xE1;&#x10D;och, hrant&#xED;koch a debni&#x10D;k&#xE1;ch</subfield>
    <subfield code="b">odborn&#xE9; rady pri v&#xFD;bere, saden&#xED; a starostlivosti na ka&#x17E;d&#xE9; ro&#x10D;n&#xE9; obdobie</subfield>
    <subfield code="c">Martin Weimar ; fotografie Friedrich Strauss ; kresby Marlene Gemkeov&#xE1; a Ushie Dornerov&#xE1; ; [z nemeck&#xE9;ho origin&#xE1;lu prelo&#x17E;il Vladim&#xED;r Varsik]</subfield>
  </datafield>
  <datafield tag="250" ind1=" " ind2=" ">
    <subfield code="a">2. vyd.</subfield>
  </datafield>
  <datafield tag="260" ind1=" " ind2=" ">
    <subfield code="a">[Bratislava]</subfield>
    <subfield code="b">Media klub</subfield>
    <subfield code="c">2000</subfield>
  </datafield>
  <datafield tag="300" ind1=" " ind2=" ">
    <subfield code="a">60 s.</subfield>
    <subfield code="b">fareb. fotogr.</subfield>
    <subfield code="c">20 cm</subfield>
  </datafield>
  <datafield tag="490" ind1="1" ind2=" ">
    <subfield code="a">Farebn&#xE9; balk&#xF3;ny</subfield>
  </datafield>
  <datafield tag="500" ind1=" " ind2=" ">
    <subfield code="a">Ilustr. na tit. strane a front.</subfield>
  </datafield>
  <datafield tag="504" ind1=" " ind2=" ">
    <subfield code="a">Reg.</subfield>
  </datafield>
  <datafield tag="650" ind1="0" ind2="7">
    <subfield code="a">balk&#xF3;nov&#xE9; rastliny</subfield>
    <subfield code="2">SNKPH</subfield>
  </datafield>
  <datafield tag="655" ind1=" " ind2="7">
    <subfield code="a">pr&#xED;ru&#x10D;ky</subfield>
    <subfield code="2">SNKPH</subfield>
  </datafield>
  <datafield tag="700" ind1="1" ind2=" ">
    <subfield code="a">Strauss, Friedrich</subfield>
    <subfield code="4">fot</subfield>
  </datafield>
  <datafield tag="700" ind1="1" ind2=" ">
    <subfield code="a">Gemke, Marlene</subfield>
    <subfield code="4">ill</subfield>
  </datafield>
  <datafield tag="700" ind1="1" ind2=" ">
    <subfield code="a">Dorner, Ushie</subfield>
    <subfield code="4">ill</subfield>
  </datafield>
  <datafield tag="700" ind1="1" ind2=" ">
    <subfield code="a">Varsik, Vladim&#xED;r,</subfield>
    <subfield code="d">1964-</subfield>
    <subfield code="4">trl</subfield>
  </datafield>
  <datafield tag="730" ind1=" " ind2=" ">
    <subfield code="a">Balkonblumen in T&#xF6;pfen, K&#xE4;sten und Ampeln</subfield>
  </datafield>
  <datafield tag="830" ind1=" " ind2="0">
    <subfield code="a">Farebn&#xE9; balk&#xF3;ny</subfield>
  </datafield>
  <datafield tag="942" ind1=" " ind2=" ">
    <subfield code="2">ddc</subfield>
    <subfield code="c">OLDO</subfield>
    <subfield code="n">0</subfield>
  </datafield>
  <datafield tag="999" ind1=" " ind2=" ">
    <subfield code="c">22954</subfield>
    <subfield code="d">22954</subfield>
  </datafield>
  <datafield tag="952" ind1=" " ind2=" ">
    <subfield code="0">0</subfield>
    <subfield code="1">0</subfield>
    <subfield code="4">0</subfield>
    <subfield code="7">0</subfield>
    <subfield code="8">D</subfield>
    <subfield code="a">OKTUS</subfield>
    <subfield code="b">OKTUS</subfield>
    <subfield code="d">2026-05-13</subfield>
    <subfield code="l">0</subfield>
    <subfield code="p">4738001247</subfield>
    <subfield code="r">2026-05-13 07:48:15</subfield>
    <subfield code="w">2026-05-13</subfield>
    <subfield code="y">OLDO</subfield>
  </datafield>
</record>
